Phân tích diễn ngôn
v...v
Đã lưu trong:
| Tác giả chính: | |
|---|---|
| Định dạng: | Sách |
| Năm xuất bản: |
H
Đại học quốc gia
2002
|
| Chủ đề: | |
| Tags: |
Thêm thẻ
Không có thẻ, Hãy là người đầu tiên gắn thẻ bản ghi này!
|
| LEADER | 00515nam a2200145 4500 | ||
|---|---|---|---|
| 082 | |a 410 |b BR400W | ||
| 100 | |a Brown, Gillian | ||
| 245 | |a Phân tích diễn ngôn |c Gillian Brown | ||
| 260 | |a H |b Đại học quốc gia |c 2002 | ||
| 300 | |a 419tr |c 21cm. | ||
| 520 | |a v...v | ||
| 653 | |a Ngôn ngữ học | ||
| 942 | |2 ddc |c SH | ||
| 999 | |c 10518 |d 10518 | ||
| 952 | |0 0 |1 0 |2 ddc |4 0 |6 410_000000000000000_BR400W |7 0 |8 400 |9 82649 |a qbu |b qbu |c D2 |d 2015-08-11 |g 30000 |o 410 BR400W |p 10317.c1 |r 0000-00-00 |w 2015-08-11 |y SH |0 0 |6 410_000000000000000_BR400W | ||